000 00452nam a22001817a 4500
005 20250613113819.0
008 250613b |||||||| |||| 00| 0 eng d
020 _a9781847561039
_qpbk
041 _aeng
082 _a823.92 FLE
100 _aFleming Leah
245 _aRemembrance day
_c/ Leah Fleming
250 _a1st ed
260 _aLondon
_bHaper collins
_c2009
300 _a456p. :
_c21cm.
650 _aEnglish fiction
942 _cENGLISH
999 _c572199
_d572199